| 000 | 00910nam a22002657a 4500 | ||
|---|---|---|---|
| 003 | DO-SdBNP | ||
| 005 | 20220309084410.0 | ||
| 007 | ta | ||
| 008 | 210830b 2021 dr 00| 0 eng d | ||
| 020 | _a9789945097573 | ||
| 040 |
_aDO-SdBNP _bspa _cBNPHU |
||
| 082 | 4 |
_a759.97293 _bL318m _222 |
|
| 100 | 1 |
_aLara Abreu, Alberto _979642 |
|
| 245 | 1 | 0 |
_aMarketing de las artes plásticas / _cAlberto Lara Abreu ; prólogo Antonio Ciriaco Cruz . |
| 260 |
_aSanto Domingo : _bBúho, _c2021. |
||
| 300 |
_a224 p. ; _bil. : _c23 cm. |
||
| 500 | _aIncluye datos biográficos del autor en las solapas | ||
| 504 | _aBibliografía : p. 217-221 | ||
| 590 | _aInventariado, 2021/BT | ||
| 650 | 1 | 4 |
_aPintura dominicana _xComercialización _980255 |
| 650 | 1 | 4 |
_aArte dominicano _xComercialización _980256 |
| 700 | 1 |
_aCiriaco Cruz, Antonio, _epról. _978119 |
|
| 910 | _aBtavárez/Validado. Control de calidad MFF | ||
| 942 |
_2ddc _cLBS1 |
||
| 999 |
_c50332 _d50332 |
||